| 000 | 00930 a2200181 4500 | ||
|---|---|---|---|
| 003 | Nust | ||
| 005 | 20230320111357.0 | ||
| 040 | _cNust | ||
| 082 | _a621.944,COL | ||
| 100 |
_aColvin, Fred H. _9110600 |
||
| 245 |
_aGear cutting practice : _bmethods of producing gears for commercial use including war time data supplement / _cFred H. Colvin |
||
| 250 | _a2nd ed. | ||
| 260 |
_aNew York _bMcGraw Hill _c1943 |
||
| 300 | _a370 p. | ||
| 505 | _aGears and Gear Cutting Practice (Page-1), Spur Gears and Circular Cutters (Page-55), The Shaping Method of Cutting Gears (Page-103), Helical and Herringbone Gears (Page-118), Hobs and Cutters (Page-142), Bevel Gears (Page-164), Worms and Worm Gears (Page-192), Internal Gears (Page-210), Burnishing, Shaving, Lapping and Grinding Gear Teeth (Page-230), Heat Treatment of Gears (Page-255), Inspection Methods (Page-271). | ||
| 650 |
_aGear cutting practice _9110601 |
||
| 942 |
_2ddc _cBK |
||
| 999 |
_c194289 _d194289 |
||